000 00846nam a22002177a 4500
008 160606b xxu||||| |||| 00| 0 eng d
020 _a13: 978-981-424-602-6
020 _a10: 981-424-602-6
082 _22008
_aDC 005.58
_bSh3p
100 _910180
_aShelly, Gary B.
245 _aPresentation program:
_bessential concepts and techniques in Microsoft Powerpoint 2007/
_cGary B. Shelly, Thomas J. Cashman and Misty E. Vermaat.
260 _aSingapore:
_bThomson Learning,
_cc2008.
300 _av, 160 pages;
_c26 cm.
500 _aIncludes index.
650 0 _910183
_aMicrosoft powerpoint (Computer file).
650 0 _910184
_aPresentation graphics software.
650 0 _910185
_aBusiness presentations
_xGraphic methods
_xComputer programs.
700 _910181
_aCashman, Thomas J.
700 _910182
_aVermaat, Misty E.
942 _2ddc
_cDC
999 _c3050
_d3050